[Event "Panevezys Elite Open 2019"]
[Site "Panevezys"]
[Date "2019.06.29"]
[Round "8.5"]
[White "Brazdzionis, Andrius"]
[Black "Gleizerov, Evgeny"]
[Result "1/2-1/2"]
[WhiteElo "2337"]
[BlackElo "2495"]
[Annotator "TA"]
[PlyCount "60"]
[EventDate "2019.06.24"]
[EventType "swiss"]
[EventCountry "LTU"]
[SourceTitle "playchess.com"]
[Source "ChessBase"]
[SourceQuality "1"]

{[%evp 14,60,16,-6,17,11,12,7,19,27,21,25,50,29,49,30,39,44,36,28,43,27,47,33,48,30,41,22,24,0,2,0,14,8,15,-9,7,8,7,15,14,8,8,6,11,5,8,5,7]} 1. d4 e6 2. c4 f5 3. Nc3 Nf6 4. e3 d5 5. Bd3 c6 6. Nge2 Bd6 7. f3 O-O 8. Qc2 dxc4 {A84: Dutch Defence: 2 c4 Miscellaneous} 9. Bxc4 Kh8 10. O-O Qe7 11. Bd2 Nbd7 {[%cal Bb8d7,Bd7f6,Bf6h5,Bh5g3,Bg3e4][%mdl 32]} 12. Bb3 a6 $146 ({Predecessor:} 12... b5 13. Nf4 Nb6 14. Nce2 c5 15. dxc5 Bxc5 16. Bxe6 Bxe6 17. Nxe6 Bxe3+ 18. Bxe3 Qxe6 {½-½ (62) Melkumyan,H (2600)-Zhigalko,S (2689) Konya 2011}) 13. Nf4 Nd5 14. Rae1 {[%cal Rc3d5]} N7f6 15. Nd3 Qc7 16. h3 Bd7 17. Qc1 Nxc3 18. Bxc3 Nh5 19. f4 Ng3 20. Rf3 Ne4 21. Bb4 Bxb4 {The position is equal.} 22. Nxb4 c5 23. Nd3 {[%cal Rd3c5]} Rac8 {[#] Strongly threatening ...c4.} 24. dxc5 Nxc5 25. Qxc5 Qxc5 26. Nxc5 Rxc5 27. Rd1 Bc6 28. Rf2 e5 29. Rfd2 {[#] Rd8 is the strong threat.} g6 30. Bd5 exf4 {Accuracy: White = 64%, Black = 48%.} 1/2-1/2

[Event "Panevezys Elite Open 2019"]
[Site "Panevezys"]
[Date "2019.06.29"]
[Round "8.6"]
[White "Krivonosov, Oleg"]
[Black "Stauskas, Lukas"]
[Result "1/2-1/2"]
[WhiteElo "2411"]
[BlackElo "2306"]
[Annotator "TA"]
[PlyCount "43"]
[EventDate "2019.06.24"]
[EventType "swiss"]
[EventCountry "LTU"]
[SourceTitle "playchess.com"]
[Source "ChessBase"]
[SourceQuality "1"]

{[%evp 26,27,0,0]} 1. Nf3 Nf6 2. c4 e6 3. g3 d5 4. d4 Be7 5. Bg2 O-O 6. O-O dxc4 7. Qa4 a6 8. Qxc4 b5 9. Qc2 Bb7 10. Bg5 Nbd7 11. Bxf6 Nxf6 12. Nbd2 Rc8 13. Nb3 c5 14. dxc5 {[#]} {Predecessor:} Ne4 $146 15. Rfd1 Qc7 16. c6 Qxc6 17. Qxc6 Bxc6 18. Ne5 Bd5 19. Nd3 Bf6 20. f3 Nd6 21. e4 Bxb3 22. axb3 {1-0 (86) Meier,G (2628)-Dominguez Perez,L (2739) chess.com INT 2018} 1/2-1/2

[Event "Panevezys Elite Open 2019"]
[Site "Panevezys"]
[Date "2019.06.29"]
[Round "8.7"]
[White "Kubicka, Anna"]
[Black "Zhukov, Anton"]
[Result "1-0"]
[WhiteElo "2162"]
[BlackElo "2178"]
[Annotator "NA"]
[PlyCount "85"]
[EventDate "2019.06.24"]
[EventType "swiss"]
[EventCountry "LTU"]
[SourceTitle "playchess.com"]
[Source "ChessBase"]
[SourceQuality "1"]
[TimeControl "40/5400+30:1800+30"]

1. e4 {[%emt 0:03:40]} c5 {[%emt 0:00:00]} 2. Ne2 {[%emt 0:00:21]} d6 {[%emt 0:00:00]} 3. g3 {[%emt 0:00:03]} g6 {[%emt 0:01:30]} 4. Bg2 {[%emt 0:00:07]} Bg7 {[%emt 0:00:08]} 5. c3 {[%emt 0:00:03]} Nc6 {[%emt 0:06:47]} 6. d4 {[%emt 0:00:18]} cxd4 {[%emt 0:05:35]} 7. cxd4 {[%emt 0:00:26]} Nf6 {[%emt 0:02:45]} 8. O-O {[%emt 0:00:12]} O-O {[%emt 0:01:18]} 9. Nbc3 {[%emt 0:00:07]} e5 {[%emt 0:04:00]} 10. d5 {[%emt 0:03:43]} Ne7 {[%emt 0:01:28]} 11. Qb3 {[%emt 0:00:37]} Nd7 {[%emt 0:02:30]} 12. Qa3 {[%emt 0:03:06]} Nc5 {[%emt 0:07:38]} 13. Be3 {[%emt 0:04:38]} b6 {[%emt 0:02:25]} 14. b4 {[%emt 0:00:56]} Na6 {[%emt 0:00:44]} 15. Qb3 {[%emt 0:05:44]} f5 {[%emt 0:02:33]} 16. f3 {[%emt 0:00:24]} Bb7 {[%emt 0:01:14]} 17. a4 {[%emt 0:00:51]} Qd7 $16 {[%emt 0:03:29]} 18. Nb5 {[%emt 0:08:54]} Nc7 {[%emt 0:02:18]} 19. Nxc7 {[%emt 0:12:02]} Qxc7 {[%emt 0:00:05]} 20. Qd3 {[%emt 0:25:06]} Rac8 {[%emt 0:02:13]} 21. Rfc1 {[%emt 0:01:30]} Qd7 {[%emt 0:00:30]} 22. a5 {[%emt 0:01:21]} Rxc1+ {[%emt 0:01:33]} 23. Rxc1 {[%emt 0:00:02]} b5 {[%emt 0:01:04]} 24. a6 {[%emt 0:07:21]} Bxa6 {[%emt 0:01:11]} 25. Ra1 {[%emt 0:00:14]} Bb7 {[%emt 0:03:40]} 26. Rxa7 {[%emt 0:00:18]} Rc8 {[%emt 0:04:19]} 27. Nc3 {[%emt 0:02:30]} Rc4 {[%emt 0:00:43]} 28. Nxb5 {[%emt 0:05:53]} Rxb4 {[%emt 0:02:21]} 29. Bf1 {[%emt 0:01:05]} Nc8 {[%emt 0:01:18]} 30. Ra3 {[%emt 0:00:30]} fxe4 {[%emt 0:00:47]} 31. fxe4 {[%emt 0:00:01]} Qg4 {[%emt 0:01:15]} 32. Nc3 {[%emt 0:03:31]} Nb6 {[%emt 0:01:11]} 33. Na2 {[%emt 0:03:45]} Rb2 {[%emt 0:15:18]} 34. Bc1 {[%emt 0:01:40]} Rxa2 {[%emt 0:00:56]} 35. Rxa2 {[%emt 0:00:01]} Nd7 {[%emt 0:00:18]} 36. Qe2 {[%emt 0:03:38]} Qxe2 {[%emt 0:01:32]} 37. Bxe2 {[%emt 0:00:02]} Nc5 {[%emt 0:00:32]} 38. Ra7 {[%emt 0:01:17]} Bf8 {[%emt 0:00:49]} 39. Be3 {[%emt 0:00:43]} Bc8 {[%emt 0:00:05]} 40. Ra8 {[%emt 0:00:16]} Bh3 {[%emt 0:00:22]} 41. Bh6 {[%emt 0:30:47]} Nd7 {[%emt 0:30:04]} 42. Bb5 {[%emt 0:00:51]} Kf7 {[%emt 0:00:06]} 43. Bxd7 {[%emt 0:00:09]} 1-0

[Event "Panevezys Elite Open 2019"]
[Site "Panevezys"]
[Date "2019.06.29"]
[Round "8.8"]
[White "Juksta, Karolis"]
[Black "Sliwicka, Alicja"]
[Result "1/2-1/2"]
[WhiteElo "2261"]
[BlackElo "2261"]
[Annotator "NA"]
[PlyCount "52"]
[EventDate "2019.06.24"]
[EventType "swiss"]
[EventCountry "LTU"]
[SourceTitle "playchess.com"]
[Source "ChessBase"]
[SourceQuality "1"]
[TimeControl "40/5400+30:1800+30"]

1. d4 {[%emt 0:00:00]} Nf6 {[%emt 0:03:24]} 2. c4 {[%emt 0:00:00]} c5 {[%emt 0:00:17]} 3. d5 {[%emt 0:00:00]} b5 {[%emt 0:00:10]} 4. cxb5 {[%emt 0:00:00]} a6 {[%emt 0:00:07]} 5. f3 {[%emt 0:02:04]} axb5 {[%emt 0:00:11]} 6. e4 {[%emt 0:00:05]} Qa5+ {[%emt 0:00:13]} 7. Bd2 {[%emt 0:01:28]} b4 {[%emt 0:00:10]} 8. Na3 {[%emt 0:00:07]} d6 {[%emt 0:00:08]} 9. Nc4 {[%emt 0:00:07]} Qd8 {[%emt 0:00:21]} 10. a3 {[%emt 0:01:19]} e6 {[%emt 0:01:14]} 11. dxe6 {[%emt 0:03:34]} Bxe6 {[%emt 0:00:58]} 12. axb4 {[%emt 0:00:32]} Rxa1 {[%emt 0:00:16]} 13. Qxa1 {[%emt 0:00:02]} d5 {[%emt 0:02:32]} 14. exd5 {[%emt 0:01:58]} Nxd5 {[%emt 0:02:09]} 15. Qa4+ {[%emt 0:02:09]} Nd7 {[%emt 0:03:51]} 16. Ne2 {[%emt 0:22:22]} Be7 $15 {[%emt 0:09:43]} 17. bxc5 {[%emt 0:10:33]} Bxc5 {[%emt 0:00:32]} 18. b4 {[%emt 0:00:32]} N5b6 {[%emt 0:02:02]} 19. Qc2 {[%emt 0:18:26]} Nxc4 {[%emt 0:07:43]} 20. bxc5 {[%emt 0:00:33]} O-O {[%emt 0:06:25]} 21. Ng3 {[%emt 0:04:14]} Nxd2 {[%emt 0:03:41]} 22. Qxd2 {[%emt 0:00:06]} Qc7 {[%emt 0:02:56]} 23. Ne4 {[%emt 0:06:17]} Rb8 {[%emt 0:06:08]} 24. Be2 {[%emt 0:08:08]} Nxc5 {[%emt 0:03:01]} 25. O-O {[%emt 0:00:39]} Nxe4 {[%emt 0:01:45]} 26. fxe4 {[%emt 0:00:02]} Qc5+ {[%emt 0:04:49]} 1/2-1/2

[Event "Panevezys Elite Open 2019"]
[Site "Panevezys"]
[Date "2019.06.29"]
[Round "8.9"]
[White "Semjonovs, Ilja"]
[Black "Cholleti Sahajasri"]
[Result "1-0"]
[WhiteElo "2383"]
[BlackElo "2207"]
[Annotator "NA"]
[PlyCount "85"]
[EventDate "2019.06.24"]
[EventType "swiss"]
[EventCountry "LTU"]
[SourceTitle "playchess.com"]
[Source "ChessBase"]
[SourceQuality "1"]
[TimeControl "40/5400+30:1800+30"]

1. Nf3 {[%emt 0:01:09]} c5 {[%emt 0:03:53]} 2. c4 {[%emt 0:00:30]} Nc6 {[%emt 0:00:26]} 3. Nc3 {[%emt 0:01:04]} g6 {[%emt 0:04:41]} 4. e3 {[%emt 0:05:16]} Nf6 {[%emt 0:00:31]} 5. d4 {[%emt 0:01:32]} cxd4 {[%emt 0:00:10]} 6. exd4 {[%emt 0:00:24]} d5 {[%emt 0:00:36]} 7. Bg5 {[%emt 0:22:30]} Be6 {[%emt 0:00:55]} 8. c5 {[%emt 0:12:00]} Ne4 $11 {[%emt 0:06:47]} 9. Be3 {[%emt 0:01:06]} Bg7 {[%emt 0:04:18]} 10. h3 {[%emt 0:03:04]} O-O {[%emt 0:10:13]} 11. Bd3 {[%emt 0:12:32]} Nxc5 {[%emt 0:04:38]} 12. dxc5 {[%emt 0:00:44]} d4 {[%emt 0:00:02]} 13. Nxd4 {[%emt 0:06:16]} Nxd4 {[%emt 0:00:41]} 14. O-O {[%emt 0:03:13]} f5 {[%emt 0:10:27]} 15. Re1 {[%emt 0:02:04]} Bf7 {[%emt 0:01:16]} 16. Qd2 {[%emt 0:05:23]} Ne6 {[%emt 0:18:23]} 17. Rad1 {[%emt 0:02:59]} Kh8 {[%emt 0:04:32]} 18. Bh6 {[%emt 0:01:55]} Nxc5 {[%emt 0:03:33]} 19. Bxg7+ {[%emt 0:00:22]} Kxg7 {[%emt 0:00:01]} 20. Qe3 {[%emt 0:00:08]} Qb6 {[%emt 0:09:27]} 21. Bc4 {[%emt 0:06:21]} Ne4 {[%emt 0:02:58]} 22. Nxe4 {[%emt 0:03:48]} Qxe3 {[%emt 0:00:13]} 23. Rxe3 {[%emt 0:00:25]} Bxc4 {[%emt 0:00:32]} 24. Nc3 {[%emt 0:01:52]} Rf7 {[%emt 0:06:00]} 25. b3 {[%emt 0:01:01]} Ba6 {[%emt 0:00:06]} 26. Rde1 {[%emt 0:00:26]} Kf8 {[%emt 0:04:24]} 27. Nd5 {[%emt 0:00:21]} Rd8 {[%emt 0:01:54]} 28. Nf4 {[%emt 0:01:16]} Rd2 {[%emt 0:00:12]} 29. Ne6+ {[%emt 0:00:37]} Kg8 {[%emt 0:01:53]} 30. Ng5 {[%emt 0:00:48]} Rf8 {[%emt 0:00:01]} 31. Rxe7 {[%emt 0:00:19]} h6 {[%emt 0:00:02]} 32. Nf3 {[%emt 0:01:16]} Rxa2 {[%emt 0:01:03]} 33. R1e6 {[%emt 0:00:18]} Rf7 {[%emt 0:00:43]} 34. Rxg6+ {[%emt 0:00:36]} Kf8 {[%emt 0:00:02]} 35. Ree6 {[%emt 0:00:51]} Rg7 {[%emt 0:01:06]} 36. Rxh6 {[%emt 0:00:43]} Ra1+ {[%emt 0:00:02]} 37. Kh2 {[%emt 0:00:45]} Rf1 {[%emt 0:00:04]} 38. Ne5 {[%emt 0:01:52]} Rxf2 {[%emt 0:00:30]} 39. Rh8+ {[%emt 0:00:15]} Rg8 {[%emt 0:00:03]} 40. Ng6+ {[%emt 0:00:15]} Kg7 {[%emt 0:00:58]} 41. Re7+ {[%emt 0:30:13]} Kxg6 {[%emt 0:30:04]} 42. Rxg8+ {[%emt 0:00:05]} Kf6 {[%emt 0:00:03]} 43. Rgg7 {[%emt 0:01:04]} 1-0

[Event "Panevezys Elite Open 2019"]
[Site "Panevezys"]
[Date "2019.06.29"]
[Round "8.10"]
[White "Rudzinska, Michalina"]
[Black "Kaunas, Kestutis"]
[Result "1/2-1/2"]
[WhiteElo "2143"]
[BlackElo "2151"]
[Annotator "ChessBase"]
[PlyCount "122"]
[EventDate "2019.06.24"]
[EventType "swiss"]
[EventCountry "LTU"]
[SourceTitle "playchess.com"]
[Source "ChessBase"]
[SourceQuality "1"]
[TimeControl "40/5400+30:1800+30"]

1. e4 {[%emt 0:00:00]} Nf6 {[%emt 0:00:00]} 2. e5 {[%emt 0:00:00]} Nd5 {[%emt 0:00:00]} 3. d4 {[%emt 0:00:00]} d6 {[%emt 0:00:00]} 4. c4 {[%emt 0:00:00]} Nb6 {[%emt 0:00:02]} 5. exd6 {[%emt 0:00:05]} exd6 {[%emt 0:00:14]} 6. Nc3 {[%emt 0:00:10]} Nc6 {[%emt 0:04:18]} 7. Be3 {[%emt 0:02:40]} Be7 {[%emt 0:03:27]} 8. Bd3 {[%emt 0:00:20]} O-O {[%emt 0:12:46]} 9. b3 {[%emt 0:00:33]} Bf6 {[%emt 0:02:58]} 10. Nge2 {[%emt 0:00:14]} Bg4 {[%emt 0:03:25]} 11. Qd2 {[%emt 0:03:10]} d5 {[%emt 0:16:52]} 12. c5 {[%emt 0:01:27]} Nc8 {[%emt 0:00:03]} 13. O-O {[%emt 0:01:16]} N8e7 {[%emt 0:05:49]} 14. f3 {[%emt 0:02:48]} Bf5 {[%emt 0:01:05]} 15. g4 {[%emt 0:11:15]} Bxd3 {[%emt 0:01:29]} 16. Qxd3 {[%emt 0:00:05]} Ng6 {[%emt 0:08:46]} 17. f4 {[%emt 0:03:34]} h6 {[%emt 0:05:55]} 18. f5 {[%emt 0:04:40]} Nh4 {[%emt 0:01:46]} 19. Nf4 {[%emt 0:04:50]} Nb4 {[%emt 0:11:17]} 20. Qd2 {[%emt 0:01:44]} Re8 {[%emt 0:03:24]} 21. Rac1 {[%emt 0:08:16]} c6 {[%emt 0:06:06]} 22. a3 {[%emt 0:02:03]} Na6 {[%emt 0:00:04]} 23. Nh5 {[%emt 0:06:10]} Bg5 {[%emt 0:00:37]} 24. Bf4 {[%emt 0:02:55]} Nc7 {[%emt 0:01:51]} 25. Qf2 {[%emt 0:05:26]} Nb5 {[%emt 0:02:14]} 26. Nxb5 {[%emt 0:03:20]} cxb5 {[%emt 0:00:02]} 27. Rce1 {[%emt 0:01:54]} Re4 {[%emt 0:02:01]} 28. h3 {[%emt 0:05:59]} Qa5 {[%emt 0:02:59]} 29. Bg3 {[%emt 0:10:52]} Rxe1 {[%emt 0:00:23]} 30. Qxe1 {[%emt 0:00:44]} Qxe1 {[%emt 0:00:18]} 31. Bxe1 {[%emt 0:00:05]} Re8 {[%emt 0:01:27]} 32. Bxh4 {[%emt 0:05:49]} Bxh4 {[%emt 0:00:04]} 33. Nf4 {[%emt 0:01:03]} Bf6 {[%emt 0:01:36]} 34. Rd1 {[%emt 0:02:19]} Re4 {[%emt 0:00:18]} 35. Nxd5 {[%emt 0:00:34]} Bxd4+ {[%emt 0:00:03]} 36. Kg2 {[%emt 0:00:08]} Bxc5 {[%emt 0:01:48]} 37. Kf3 {[%emt 0:03:42]} Rd4 {[%emt 0:02:11]} 38. Rxd4 {[%emt 0:00:24]} Bxd4 {[%emt 0:00:02]} 39. Nc7 {[%emt 0:02:07]} a6 {[%emt 0:00:06]} 40. Ke4 {[%emt 0:00:21]} Bb2 {[%emt 0:00:24]} 41. a4 {[%emt 0:30:16]} bxa4 {[%emt 0:31:00]} 42. bxa4 {[%emt 0:00:08]} Kf8 {[%emt 0:00:00]} 43. Nd5 {[%emt 0:00:00]} Ke8 {[%emt 0:00:00]} 44. Nb6 {[%emt 0:00:00]} Ke7 {[%emt 0:00:00]} 45. Kd5 {[%emt 0:00:00]} Ba3 {[%emt 0:00:00]} 46. Nc4 {[%emt 0:00:00]} Bb4 {[%emt 0:00:00]} 47. Ne5 {[%emt 0:00:00]} Bc3 {[%emt 0:00:00]} 48. Nc4 {[%emt 0:00:00]} Bb4 {[%emt 0:00:00]} 49. Ne5 {[%emt 0:00:00]} Kf6 {[%emt 0:00:16]} 50. Nf3 {[%emt 0:00:00]} Be7 {[%emt 0:02:07]} 51. Kc4 {[%emt 0:00:00]} g6 {[%emt 0:00:37]} 52. fxg6 {[%emt 0:00:00]} fxg6 {[%emt 0:00:04]} 53. Kd5 {[%emt 0:00:00]} b5 {[%emt 0:01:01]} 54. axb5 {[%emt 0:00:00]} axb5 {[%emt 0:00:01]} 55. h4 {[%emt 0:00:00]} b4 {[%emt 0:03:04]} 56. Nd4 {[%emt 0:02:31]} h5 {[%emt 0:01:04]} 57. gxh5 {[%emt 0:03:37]} gxh5 {[%emt 0:00:02]} 58. Kc4 {[%emt 0:04:05]} Kg6 {[%emt 0:00:22]} 59. Nc6 {[%emt 0:01:22]} Bxh4 {[%emt 0:00:06]} 60. Nxb4 {[%emt 0:00:48]} Kf5 {[%emt 0:00:24]} 61. Kd3 {[%emt 0:00:51]} Be7 {[%emt 0:00:30] Ke4+ Ke5+} 1/2-1/2

[Event "Panevezys Elite Open 2019"]
[Site "Panevezys"]
[Date "2019.06.29"]
[Round "8.11"]
[White "Kalinowska, Zuzanna"]
[Black "Sinitsina, Anastassia"]
[Result "1/2-1/2"]
[WhiteElo "2093"]
[BlackElo "2095"]
[Annotator "NA"]
[PlyCount "95"]
[EventDate "2019.06.24"]
[EventType "swiss"]
[EventCountry "LTU"]
[SourceTitle "playchess.com"]
[Source "ChessBase"]
[SourceQuality "1"]
[TimeControl "40/5400+30:1800+30"]

1. d4 {[%emt 0:21:41]} Nf6 {[%emt 0:00:00]} 2. c4 {[%emt 0:00:10]} c5 {[%emt 0:00:00]} 3. d5 {[%emt 0:00:05]} b5 {[%emt 0:00:16]} 4. cxb5 {[%emt 0:00:31]} a6 {[%emt 0:00:11]} 5. bxa6 {[%emt 0:00:14]} g6 {[%emt 0:00:25]} 6. Nc3 {[%emt 0:00:08]} Bg7 {[%emt 0:00:51]} 7. e4 {[%emt 0:00:17]} O-O {[%emt 0:00:11]} 8. Nf3 {[%emt 0:00:28]} Qa5 {[%emt 0:00:57]} 9. Bd2 {[%emt 0:01:27]} Bxa6 {[%emt 0:00:37]} 10. Be2 {[%emt 0:01:11]} d6 {[%emt 0:00:36]} 11. O-O {[%emt 0:00:30]} Bxe2 {[%emt 0:00:25]} 12. Qxe2 {[%emt 0:00:15]} Qa6 {[%emt 0:00:06]} 13. Rfe1 {[%emt 0:03:52]} Qxe2 {[%emt 0:03:12]} 14. Rxe2 {[%emt 0:00:09]} Nbd7 {[%emt 0:04:28]} 15. b3 {[%emt 0:04:34]} Rfb8 {[%emt 0:02:59]} 16. Rc1 {[%emt 0:03:54]} Ne8 {[%emt 0:04:58]} 17. Na4 {[%emt 0:03:41]} Nb6 {[%emt 0:03:54]} 18. Nxb6 {[%emt 0:01:01]} Rxb6 {[%emt 0:00:07]} 19. Bc3 {[%emt 0:01:34]} Nc7 {[%emt 0:03:11]} 20. Bxg7 {[%emt 0:03:57]} Kxg7 {[%emt 0:00:07]} 21. Rcc2 {[%emt 0:02:03]} Ra7 {[%emt 0:06:06]} 22. Rcd2 {[%emt 0:11:01]} Nb5 {[%emt 0:03:21]} 23. Re3 {[%emt 0:02:15]} Rba6 {[%emt 0:03:38]} 24. a4 {[%emt 0:00:48]} Nc7 {[%emt 0:00:05]} 25. Rc3 {[%emt 0:03:21]} Rb6 {[%emt 0:00:24]} 26. Rd1 {[%emt 0:04:17]} Rb4 {[%emt 0:01:24]} 27. Nd2 {[%emt 0:02:13]} Rab7 {[%emt 0:01:42]} 28. Kf1 {[%emt 0:01:49]} f5 {[%emt 0:02:29]} 29. f3 {[%emt 0:01:36]} Ne8 {[%emt 0:01:18]} 30. Re1 {[%emt 0:05:28]} Nf6 {[%emt 0:00:52]} 31. h3 {[%emt 0:00:31]} fxe4 {[%emt 0:02:21]} 32. fxe4 {[%emt 0:00:11]} Rd4 {[%emt 0:00:11]} 33. Re2 {[%emt 0:02:26]} Rxd2 {[%emt 0:00:32]} 34. Rxd2 {[%emt 0:00:09]} Nxe4 {[%emt 0:00:05]} 35. Rdd3 {[%emt 0:01:37]} Nxc3 {[%emt 0:00:08]} 36. Rxc3 {[%emt 0:00:05]} Kf6 {[%emt 0:05:35]} 37. Re3 {[%emt 0:03:18]} Rb4 {[%emt 0:01:49]} 38. Ke2 {[%emt 0:05:23]} Rd4 {[%emt 0:02:30]} 39. a5 {[%emt 0:09:20]} Rb4 {[%emt 0:00:16]} 40. Rf3+ {[%emt 0:00:51]} Kg7 {[%emt 0:00:11]} 41. Rf1 {[%emt 0:31:24]} Rxb3 {[%emt 0:30:23]} 42. Ra1 {[%emt 0:00:09]} e6 {[%emt 0:03:41]} 43. a6 {[%emt 0:00:00]} Rb8 {[%emt 0:00:00]} 44. a7 {[%emt 0:00:00]} Ra8 {[%emt 0:00:00]} 45. dxe6 {[%emt 0:00:00]} Kf6 {[%emt 0:00:00]} 46. Kd3 {[%emt 0:00:00]} Kxe6 {[%emt 0:00:00]} 47. Kc4 {[%emt 0:00:00]} Kd7 {[%emt 0:00:00]} 48. Kd5 {[%emt 0:00:00]} 1/2-1/2

[Event "Panevezys Elite Open 2019"]
[Site "Panevezys"]
[Date "2019.06.29"]
[Round "8.12"]
[White "Juknis, Paulius"]
[Black "Zaura, Vidmantas"]
[Result "1/2-1/2"]
[WhiteElo "2169"]
[BlackElo "2223"]
[Annotator "NA"]
[PlyCount "86"]
[EventDate "2019.06.24"]
[EventType "swiss"]
[EventCountry "LTU"]
[SourceTitle "playchess.com"]
[Source "ChessBase"]
[SourceQuality "1"]
[TimeControl "40/5400+30:1800+30"]

1. d4 {[%emt 0:00:00]} d5 {[%emt 0:00:00]} 2. Bf4 {[%emt 0:00:00]} Nf6 {[%emt 0:00:00]} 3. e3 {[%emt 0:00:00]} Bf5 {[%emt 0:00:14]} 4. c4 {[%emt 0:00:55]} c6 {[%emt 0:00:09]} 5. Nc3 {[%emt 0:00:09]} e6 {[%emt 0:00:16]} 6. Qb3 {[%emt 0:00:08]} Qb6 {[%emt 0:00:21]} 7. c5 {[%emt 0:00:08]} Qxb3 {[%emt 0:01:45]} 8. axb3 {[%emt 0:00:01]} Nbd7 {[%emt 0:00:57]} 9. b4 {[%emt 0:00:44]} e5 {[%emt 0:13:19]} 10. dxe5 $16 {[%emt 0:15:37]} Nh5 {[%emt 0:33:29]} 11. Nf3 {[%emt 0:05:56]} f6 {[%emt 0:08:18]} 12. exf6 {[%emt 0:05:15]} Nxf4 {[%emt 0:01:04]} 13. exf4 {[%emt 0:00:26]} Nxf6 {[%emt 0:04:42]} 14. Nd4 {[%emt 0:01:08]} Bd7 {[%emt 0:01:02]} 15. Bd3 {[%emt 0:02:51]} Kf7 {[%emt 0:01:52]} 16. O-O {[%emt 0:01:37]} g6 {[%emt 0:03:41]} 17. f5 {[%emt 0:04:59]} Bg7 {[%emt 0:04:10]} 18. fxg6+ {[%emt 0:04:54]} hxg6 {[%emt 0:00:05]} 19. Nf3 {[%emt 0:00:12]} Ng4 {[%emt 0:04:08]} 20. Rfe1 {[%emt 0:04:00]} Rh5 {[%emt 0:01:42]} 21. h3 {[%emt 0:02:58]} Ne5 {[%emt 0:00:58]} 22. Nxe5+ {[%emt 0:00:33]} Rxe5 {[%emt 0:01:20]} 23. f4 {[%emt 0:10:05]} Rxe1+ {[%emt 0:01:31]} 24. Rxe1 {[%emt 0:00:02]} Bd4+ {[%emt 0:08:16]} 25. Kh2 {[%emt 0:02:25]} Rh8 {[%emt 0:01:00]} 26. Kg3 {[%emt 0:02:16]} Kf6 {[%emt 0:00:41]} 27. Kf3 {[%emt 0:02:26]} a5 {[%emt 0:03:06]} 28. bxa5 {[%emt 0:10:59]} Bxc5 {[%emt 0:00:29]} 29. Na4 {[%emt 0:05:37]} Bb4 {[%emt 0:00:16]} 30. Ra1 {[%emt 0:00:27]} Be6 {[%emt 0:02:25]} 31. a6 {[%emt 0:03:08]} bxa6 {[%emt 0:01:12]} 32. Bxa6 {[%emt 0:00:11]} Rb8 {[%emt 0:00:15]} 33. h4 {[%emt 0:01:45]} Bd6 {[%emt 0:01:22]} 34. g3 {[%emt 0:01:14]} Rb3+ {[%emt 0:00:20]} 35. Kf2 {[%emt 0:01:04]} Bg4 {[%emt 0:00:33]} 36. Rc1 {[%emt 0:03:48]} c5 {[%emt 0:00:45]} 37. Nxc5 {[%emt 0:02:19]} Rxb2+ {[%emt 0:00:03]} 38. Ke3 {[%emt 0:00:45]} Rg2 {[%emt 0:00:49]} 39. Kd4 {[%emt 0:00:46]} Rxg3 {[%emt 0:02:15]} 40. Kxd5 {[%emt 0:01:17]} Bxf4 {[%emt 0:00:23]} 41. Ne4+ {[%emt 0:32:47]} Kg7 {[%emt 0:30:12]} 42. Nxg3 {[%emt 0:00:27]} Bxc1 {[%emt 0:00:16]} 43. Ke5 {[%emt 0:02:14]} Kh6 {[%emt 0:00:00]} 1/2-1/2

[Event "Panevezys Elite Open 2019"]
[Site "Panevezys"]
[Date "2019.06.29"]
[Round "8.13"]
[White "Harshita Guddanti"]
[Black "Stasans, Aivars"]
[Result "1/2-1/2"]
[WhiteElo "2072"]
[BlackElo "2039"]
[Annotator "NA"]
[PlyCount "115"]
[EventDate "2019.06.24"]
[EventType "swiss"]
[EventCountry "LTU"]
[SourceTitle "playchess.com"]
[Source "ChessBase"]
[SourceQuality "1"]
[TimeControl "40/5400+30:1800+30"]

1. e4 {[%emt 0:00:00]} c5 {[%emt 0:00:00]} 2. Nf3 {[%emt 0:00:00]} Nc6 {[%emt 0:00:00]} 3. d4 {[%emt 0:00:05]} cxd4 {[%emt 0:00:00]} 4. Nxd4 {[%emt 0:00:05]} g6 {[%emt 0:00:00]} 5. Nc3 {[%emt 0:00:40]} Bg7 {[%emt 0:00:05]} 6. Be3 {[%emt 0:00:06]} Nf6 {[%emt 0:00:09]} 7. Bc4 {[%emt 0:00:07]} O-O {[%emt 0:00:07]} 8. Bb3 {[%emt 0:00:06]} a6 {[%emt 0:00:07]} 9. f3 {[%emt 0:02:45]} Qc7 {[%emt 0:02:40]} 10. Qd2 {[%emt 0:07:14]} Na5 {[%emt 0:15:39]} 11. Qe2 {[%emt 0:03:57]} b5 {[%emt 0:06:32]} 12. Nd5 {[%emt 0:10:29]} Nxd5 {[%emt 0:02:26]} 13. exd5 {[%emt 0:04:56]} Nxb3 {[%emt 0:04:16]} 14. axb3 {[%emt 0:00:58]} Bb7 {[%emt 0:00:47]} 15. c4 {[%emt 0:01:56]} Rfc8 {[%emt 0:08:08]} 16. Rc1 {[%emt 0:03:28]} Bxd5 {[%emt 0:03:15]} 17. Qd2 {[%emt 0:03:07]} bxc4 {[%emt 0:01:56]} 18. bxc4 {[%emt 0:00:07]} Bb7 {[%emt 0:00:26]} 19. O-O {[%emt 0:00:46]} d6 {[%emt 0:04:04]} 20. Rfe1 {[%emt 0:02:07]} Re8 {[%emt 0:05:29]} 21. b4 {[%emt 0:04:43]} e5 {[%emt 0:01:38]} 22. Nb3 {[%emt 0:00:21]} Rab8 {[%emt 0:10:00]} 23. Red1 {[%emt 0:03:14]} Bf8 {[%emt 0:01:15]} 24. Ba7 {[%emt 0:03:20]} Rbc8 {[%emt 0:02:24]} 25. Qe3 {[%emt 0:01:00]} Bc6 {[%emt 0:01:35]} 26. Ra1 {[%emt 0:02:59]} Ra8 {[%emt 0:08:49]} 27. Bb6 {[%emt 0:02:16]} Qc8 {[%emt 0:01:47]} 28. Nd2 {[%emt 0:09:26]} f5 {[%emt 0:06:00]} 29. Qb3 {[%emt 0:01:15]} Qe6 {[%emt 0:00:41]} 30. Ra5 {[%emt 0:03:36]} Bh6 {[%emt 0:01:31]} 31. Nf1 {[%emt 0:01:04]} e4 {[%emt 0:05:59]} 32. fxe4 {[%emt 0:02:43]} Bxe4 {[%emt 0:00:01]} 33. Bd4 {[%emt 0:05:57]} Rec8 {[%emt 0:03:14]} 34. Qh3 {[%emt 0:03:13]} Bf8 {[%emt 0:00:48]} 35. Nd2 {[%emt 0:00:45]} Bb7 {[%emt 0:00:36]} 36. Raa1 {[%emt 0:04:59]} Re8 {[%emt 0:01:03]} 37. Rac1 {[%emt 0:02:10]} Rac8 {[%emt 0:00:51]} 38. Qg3 {[%emt 0:04:23]} Qe2 {[%emt 0:01:03]} 39. c5 {[%emt 0:00:08]} f4 {[%emt 0:01:50]} 40. Qb3+ {[%emt 0:03:56]} Qe6 {[%emt 0:00:02]} 41. Qa3 {[%emt 0:34:01]} dxc5 {[%emt 0:30:59]} 42. bxc5 {[%emt 0:00:00]} Bd5 {[%emt 0:00:00]} 43. Nf3 {[%emt 0:00:00]} h6 {[%emt 0:00:00]} 44. Re1 {[%emt 0:00:00]} Qf5 {[%emt 0:00:00]} 45. Nh4 {[%emt 0:00:00]} Qg4 {[%emt 0:00:00]} 46. Qxa6 {[%emt 0:00:00]} Rc6 {[%emt 0:00:00]} 47. Qf1 {[%emt 0:00:00]} Rxe1 {[%emt 0:00:00]} 48. Qxe1 {[%emt 0:00:00]} Re6 {[%emt 0:00:00]} 49. Qf2 {[%emt 0:00:18]} f3 {[%emt 0:00:00]} 50. h3 {[%emt 0:00:57]} Qg5 {[%emt 0:02:04]} 51. Re1 {[%emt 0:02:14]} Rxe1+ {[%emt 0:00:17]} 52. Qxe1 {[%emt 0:00:10]} fxg2 {[%emt 0:00:16]} 53. Be3 {[%emt 0:03:13]} Qf6 {[%emt 0:01:32]} 54. Nxg2 {[%emt 0:00:29]} Qf3 {[%emt 0:01:06]} 55. Qd2 {[%emt 0:00:20]} Kf7 {[%emt 0:01:41]} 56. Qf2 {[%emt 0:00:48]} g5 {[%emt 0:00:31]} 57. Qxf3+ {[%emt 0:00:09]} Bxf3 {[%emt 0:00:02]} 58. Kf2 {[%emt 0:00:24]} 1/2-1/2